General Knowledge Quiz #148 - Statistics

General Stats
  • This quiz has been taken 91,494 times
    34,852 since last reset
  • The average score is 12 of 20
Answer Stats
Question Answer % Correct
What food can Bugs Bunny often be seen eating? Carrots
97%
What is the Hawaiian word for hello or goodbye? Aloha
92%
What type of sugar, found in milk, do many people have trouble digesting? Lactose
83%
What happened to Rome in 64 AD, London in 1666, and Chicago in 1871? a Fire
81%
What is the Taj Mahal made of? Marble
78%
What 2009 movie had a sequel subtitled "The Way of Water"? Avatar
69%
Only one word in the English language is a definite article. What is it? The
68%
What fictional character frequently went into telephone booths to change outfits? Superman
67%
What is the world's northernmost megacity, defined as a metropolitan area with a population over 10 million? Moscow
66%
What is the 22nd largest state in the U.S. by land area, but the 11th largest if water area is included? Michigan
59%
Who became the first black Formula One driver in 2007? Lewis Hamilton
56%
What is both a type of herb and an adjective that means "wise"? Sage
54%
And what is the world's southernmost megacity? Buenos Aires
49%
What style of art was exemplified by Monet and Renoir? Impressionism
46%
In the Bible, what city's walls fell after Joshua blew his trumpets? Jericho
46%
What is a neonate? a Newborn
45%
What street did demon barber Sweeney Todd live on? Fleet
38%
What prison did Andy Dufresne escape from? Shawshank
37%
What mosquito-borne virus is thought to have caused an increase in children born with microcephaly (small heads)? Zika Virus
33%
What singer famously wore a dress designed to look like a swan? Björk
24%
No matching quizzes found
Score Distribution
Percent of People with Each Score
Percentile by Number Answered
Your Score History
You have not taken this quiz since the last reset